[Event "London Classic FIDE Open"]
[Site "London ENG"]
[Date "2011.12.08"]
[Round "6"]
[White "Amato, Giampiero"]
[Black "Clayton, Tristan"]
[Result "1/2-1/2"]
[WhiteElo "1973"]
[BlackElo "1812"]
[WhiteFideId "813303"]
[BlackFideId "416533"]
[EventDate "2011.12.03"]

1. e4 c6 2. c4 d5 3. cxd5 cxd5 4. exd5 Nf6 5. Nc3 Nxd5 6. d4 Nc6 7. Nf3 e6 8.
Bd3 Be7 9. O-O O-O 10. Re1 b6 11. a3 Bb7 12. Bc2 Re8 13. Qd3 Nf6 14. Bg5 g6 15.
Rad1 Nd5 16. Bc1 Bf6 17. Ba4 Rf8 18. Bh6 Bg7 19. Bxg7 Kxg7 20. Nxd5 Qxd5 21. Bb3
Qh5 22. d5 Na5 23. dxe6 Bxf3 24. e7 Rfe8 25. gxf3 Nxb3 26. Qc3+ Kg8 27. Re5 Qh4
28. Qxb3 Rxe7 29. Rxe7 Qxe7 30. Qd5 Rc8 31. Kg2 Rc5 32. Qd8+ Qxd8 33. Rxd8+ Kg7
34. Rd7 a5 35. Rd2 h5 1/2-1/2

[Event "London Classic FIDE Open"]
[Site "London ENG"]
[Date "2011.12.08"]
[Round "6"]
[White "Torner Planell, Jordi"]
[Black "Kalerwa, Edwin M"]
[Result "1-0"]
[WhiteElo "1917"]
[BlackElo "1728"]
[WhiteFideId "2285126"]
[BlackFideId "422223"]
[EventDate "2011.12.03"]

1. Nf3 d5 2. d4 Nf6 3. g3 g6 4. Bg2 c5 5. dxc5 Qa5+ 6. Nc3 Nc6 7. O-O e6 8. Be3
Bg7 9. Nd4 Ng4 10. Nxc6 bxc6 11. Bg5 h6 12. Bd2 Qxc5 13. e4 h5 14. h3 Ne5 15.
Be3 Qb4 16. Bd2 Qxb2 17. Rb1 Qa3 18. exd5 exd5 19. Rb3 Qa6 20. Re1 O-O 21. Bf1
Nc4 22. Bf4 Be6 23. Be5 Bxe5 24. Rxe5 Qc8 25. Bxc4 dxc4 26. Rb1 Bxh3 27. Ne4 Qd8
28. Qe1 Bg4 29. Qc3 f6 30. Qxc4+ Rf7 31. Re8+ Qxe8 32. Nxf6+ Kg7 33. Nxe8+ Rxe8
34. Qc3+ Kh7 35. Re1 Ref8 36. f4 h4 37. gxh4 Rxf4 38. Re7+ R8f7 39. Rxf7+ Rxf7
40. Qc4 1-0

[Event "London Classic FIDE Open"]
[Site "London ENG"]
[Date "2011.12.08"]
[Round "6"]
[White "Miu, Marinel"]
[Black "Wigbout, Rod"]
[Result "0-1"]
[WhiteElo "1609"]
[BlackElo "1827"]
[WhiteFideId "1220691"]
[BlackFideId "419850"]
[EventDate "2011.12.03"]

1. d4 Nf6 2. h3 c5 3. d5 d6 4. c4 e6 5. Nc3 exd5 6. cxd5 g6 7. Bg5 Bg7 8. e3 O-O
9. Bd3 a6 10. a4 Nbd7 11. Nf3 Re8 12. a5 b6 13. Bf4 Qc7 14. axb6 Nxb6 15. O-O
Nfxd5 16. Nxd5 Nxd5 17. Bxg6 Nxf4 18. Bxh7+ Kxh7 19. Ng5+ Kg8 20. exf4 Bf5 21.
Ra3 Qe7 22. Rg3 Rab8 23. b3 Qf6 24. Qd5 Kf8 25. Qc6 Bg6 26. Qxa6 Qxf4 27. Rd1
Be5 28. Nf3 Red8 29. Rg4 Qf6 30. Qa5 Bh5 31. Nxe5 Qxe5 32. Re1 Qf6 33. Rg3 Re8
34. Rge3 Rxe3 35. Rxe3 Re8 36. Rd3 Bg6 37. Rf3 Qe6 38. Re3 Qd5 39. Rf3 Kg8 40.
Qa1 Qe5 41. Qa4 Re6 42. Qh4 Kg7 43. Qa4 Rf6 44. Re3 Qf4 45. Qa2 Re6 46. Qa1+ Qf6
47. Rc3 Re2 48. Qf1 Qxc3 49. Qxe2 Qxb3 50. Qd2 d5 51. h4 Qc4 52. Qa5 f6 53. Qd2
Qe4 54. Qa2 c4 55. Qa7+ Bf7 56. h5 Qe1+ 57. Kh2 Qe5+ 58. Kg1 Qxh5 59. Qc7 Qe5
60. Qc8 Qf4 61. g3 Qe4 62. Qc6 Qe1+ 63. Kg2 c3 64. Qa4 Qe4+ 0-1

[Event "London Classic FIDE Open"]
[Site "London ENG"]
[Date "2011.12.08"]
[Round "6"]
[White "Eden, Tomer"]
[Black "Turner, David J"]
[Result "0-1"]
[WhiteElo "2202"]
[BlackElo "1775"]
[WhiteFideId "2808439"]
[BlackFideId "419737"]
[EventDate "2011.12.03"]

1. d4 Nf6 2. c4 g6 3. Nc3 Bg7 4. e4 d6 5. f3 Nfd7 6. Nh3 e5 7. d5 Qe7 8. Nf2 a5
9. Bd3 Na6 10. a3 Nac5 11. Rb1 a4 12. Be3 Nb6 13. Be2 c6 14. O-O O-O 15. Na2 Qc7
16. Nc1 Bd7 17. Qc2 cxd5 18. cxd5 Rfc8 19. Ncd3 Be8 20. Nxc5 Nd7 21. Rfc1 Nxc5
22. Nd3 b6 23. Nxc5 bxc5 24. Bc4 Ra7 25. Qd3 Rb8 26. Rc3 Bd7 27. b4 axb3 28.
Rcxb3 Rab7 29. Ba6 Rxb3 30. Rxb3 Bf8 31. Qb1 Rxb3 32. Qxb3 Qa5 33. Bf1 Kg7 34.
Kf2 Qa4 35. Qxa4 Bxa4 36. Bc4 f5 37. Ke2 Be7 38. Bd2 Bd8 39. Be1 f4 40. Bc3 Kf6
41. Kd2 h5 42. Ba6 g5 43. h3 g4 44. hxg4 hxg4 45. fxg4 Kg5 46. Be2 Bb6 47. Ke1
Bd7 48. Bf3 Bxg4 49. a4 Bc8 50. a5 Ba7 51. Be2 Kf6 52. Bb5 Ke7 53. Ke2 Bd7 54.
Bc4 Ba4 55. a6 Bc2 56. Bd3 Ba4 57. Ba5 Bd7 58. Kd2 Ba4 59. Be2 Bd7 60. Kc2 Ba4+
61. Kb2 Bd7 62. Kb3 Be8 63. Kc4 Ba4 64. Bg4 Bc2 65. Bf5 Ba4 66. Bc8 Bc2 67. Kb5
Bxe4 68. Bb6 c4 69. Bxa7 c3 70. Bb7 c2 71. Bb6 Bd3+ 0-1

[Event "London Classic FIDE Open"]
[Site "London ENG"]
[Date "2011.12.08"]
[Round "6"]
[White "York-Andersen, Anna"]
[Black "Rogers, Tim L"]
[Result "1-0"]
[WhiteElo "1755"]
[BlackElo "2061"]
[WhiteFideId "416789"]
[BlackFideId "418137"]
[EventDate "2011.12.03"]

1. e4 c6 2. d4 d5 3. e5 c5 4. dxc5 e6 5. Be3 Nd7 6. Bb5 Qa5+ 7. Nc3 a6 8. Bxd7+
Bxd7 9. Qg4 Ne7 10. Nf3 Nf5 11. Bd4 Bxc5 12. Bxc5 Qxc5 13. O-O Rc8 14. Rac1 Qc4
15. Qxc4 Rxc4 16. Nd2 Rc7 17. Nb3 h5 18. Rfd1 g5 19. Nd4 Ne7 20. Nce2 Ng6 21. f4
gxf4 22. Nf3 Bb5 23. Ned4 Ke7 24. Nxb5 axb5 25. Rd4 Rc4 26. c3 Rhc8 27. Rcd1 Kd7
28. a3 Ne7 29. g3 fxg3 30. hxg3 Nf5 31. Rf4 Rxf4 32. gxf4 Rg8+ 33. Ng5 Ne7 34.
Kh2 Ng6 35. Ne4 Kc6 36. Nf6 Rd8 37. Kg3 h4+ 38. Kg4 Rh8 39. Rh1 Kc5 40. b3 Ra8
41. Ra1 h3 42. Ra2 Kc6 43. Nh5 h2 44. Rxh2 Rxa3 45. Rb2 Ra1 46. Kg5 Rf1 47. b4
Kd7 48. Ra2 Rf3 49. Rc2 Ke7 50. Rc1 Kd8 51. Kg4 Re3 52. Kg5 Ke7 53. Rc2 Nf8 54.
Nf6 Rg3+ 55. Kh4 Rg1 56. Rf2 Ng6+ 57. Kh3 Kd8 58. Kh2 Rd1 59. Ra2 Kc7 60. Ne8+
Kc6 61. Nd6 Nxf4 62. Nxf7 Nd3 63. Nd8+ Kd7 64. Nxb7 1-0

[Event "London Classic FIDE Open"]
[Site "London ENG"]
[Date "2011.12.08"]
[Round "6"]
[White "Zygourakis, Themistoklis"]
[Black "Keuneke, Hanno"]
[Result "0-1"]
[WhiteElo "1688"]
[BlackElo "1782"]
[WhiteFideId "4215141"]
[BlackFideId "4609271"]
[EventDate "2011.12.03"]

1. e4 e5 2. Nf3 Nc6 3. Bc4 Nf6 4. d3 Bb4+ 5. c3 Be7 6. O-O O-O 7. Bb3 d5 8. exd5
Nxd5 9. Bc2 Bg4 10. h3 Bh5 11. Re1 Re8 12. Na3 Bxa3 13. bxa3 Nxc3 14. Qd2 Bxf3
15. Qxc3 Bh5 16. Rb1 Rb8 17. Rb5 f6 18. Bb3+ Kh8 19. Rd5 Qc8 20. Rc5 Re7 21. f4
Nd4 22. Qb2 b6 23. Rc4 c5 24. Qf2 Qb7 25. Rc3 exf4 26. Kh2 Rxe1 27. Qxe1 f3 28.
g4 Re8 29. Be3 Bg6 30. Bd1 Ne2 31. Bf2 Nxc3 32. Qxc3 Qd5 33. d4 cxd4 34. Qd2 d3
35. Kg1 h5 36. Bg3 hxg4 37. hxg4 Qd4+ 38. Kf1 Re2 39. Bxe2 dxe2+ 0-1

[Event "London Classic FIDE Open"]
[Site "London ENG"]
[Date "2011.12.08"]
[Round "6"]
[White "Lie, Terje"]
[Black "Andersen, Niels Erik"]
[Result "1/2-1/2"]
[WhiteElo "1644"]
[BlackElo "2018"]
[WhiteFideId "1504916"]
[BlackFideId "1406507"]
[EventDate "2011.12.03"]

1. d4 Nf6 2. Nf3 d5 3. g3 g6 4. Bg2 Bg7 5. O-O O-O 6. Nbd2 c6 7. c3 Na6 8. Re1
Nc7 9. e4 dxe4 10. Nxe4 Ncd5 11. Nxf6+ Bxf6 12. Bh6 Bg7 13. Qd2 Nb6 14. Bxg7
Kxg7 15. Qe2 Re8 16. Ne5 Qc7 17. f4 Be6 18. Be4 c5 19. dxc5 Qxc5+ 20. Qf2 Qxf2+
21. Kxf2 Na4 22. b3 Nc5 23. Bc2 Rac8 24. c4 a5 25. Rad1 Na6 26. Rd2 Rc7 27. Red1
f6 28. Nf3 Nb4 29. Bb1 Nc6 30. Be4 Bg4 31. Bxc6 Rxc6 32. Rd8 Kf8 33. R1d2 a4 34.
Ng1 axb3 35. axb3 Rb6 36. Rxe8+ Kxe8 37. Rd3 Bf5 38. Rc3 Rd6 39. Ke3 h5 40. h4
Bg4 41. Nf3 Rd1 42. Nd2 Re1+ 43. Kd4 Kd7 44. Re3 Rd1 45. Kc3 Bf5 46. b4 Rc1+ 47.
Kd4 Rc2 48. Nb3 b6 49. c5 b5 50. Na5 Rc1 51. Ra3 Rd1+ 52. Ke3 Rb1 53. Rb3 Rc1
54. Rb2 Kc7 55. Nb3 Rc3+ 56. Kf2 Rc4 57. Nd2 Rd4 58. Nf3 Rc4 59. Ne1 e5 60. fxe5
fxe5 61. Ng2 Bd3 62. Ne3 Rc1 63. Rb3 e4 64. Rb2 Kc6 65. Rb3 Ra1 66. Rb2 Ra7 67.
Ke1 Ra1+ 68. Kf2 Ra4 69. Ke1 Ra1+ 70. Kf2 Ra4 71. Nd1 Ra1 72. Ne3 Ra4 1/2-1/2

[Event "London Classic FIDE Open"]
[Site "London ENG"]
[Date "2011.12.09"]
[Round "7"]
[White "Wells, Peter K"]
[Black "Gupta, Abhijeet"]
[Result "1/2-1/2"]
[WhiteTitle "GM"]
[BlackTitle "GM"]
[WhiteElo "2492"]
[BlackElo "2640"]
[WhiteFideId "400327"]
[BlackFideId "5010608"]
[EventDate "2011.12.03"]

1. Nf3 Nf6 2. c4 g6 3. Nc3 d5 4. cxd5 Nxd5 5. d4 Bg7 6. e4 Nxc3 7. bxc3 c5 8.
Rb1 O-O 9. Be2 cxd4 10. cxd4 Qa5+ 11. Bd2 Qxa2 12. O-O Bg4 13. Rxb7 Bxf3 14.
Bxf3 Bxd4 15. Bb4 Rd8 16. Qc1 Na6 17. Bxe7 Rac8 18. Qf4 Nc5 19. Bxd8 Nxb7 20.
Bf6 1/2-1/2

[Event "London Classic FIDE Open"]
[Site "London ENG"]
[Date "2011.12.09"]
[Round "7"]
[White "Hillarp Persson, Tiger"]
[Black "Houska, Jovanka"]
[Result "1/2-1/2"]
[WhiteTitle "GM"]
[BlackTitle "IM"]
[WhiteElo "2530"]
[BlackElo "2415"]
[WhiteFideId "1700812"]
[BlackFideId "405094"]
[EventDate "2011.12.03"]

1. e3 d5 2. f4 g6 3. Nf3 Bg7 4. d4 Nf6 5. Bd3 c5 6. O-O b6 7. c3 O-O 8. Qe2 a5
9. Nbd2 Ba6 10. Bxa6 Nxa6 11. b3 cxd4 12. cxd4 Qd7 13. Ne5 Qb7 14. Ba3 b5 15.
Bc5 Rfc8 16. Rac1 e6 17. a4 bxa4 18. bxa4 Nd7 19. Bd6 f6 20. Nef3 Bf8 21. Bxf8
Nxf8 22. e4 Nb4 23. e5 fxe5 24. Nxe5 Rxc1 25. Rxc1 Rc8 26. Rc5 Na6 27. Rxc8 Qxc8
28. Ndf3 Nb4 29. g3 Qc1+ 30. Kg2 Nc6 31. Nd7 Qc4 32. Nf6+ Kg7 33. Qxc4 dxc4 34.
Ne4 Nd7 35. Kf2 Nb6 36. Nc5 Kf6 37. Ke2 h6 38. Kd2 Kf5 39. Nh4+ Kf6 40. Kc3 Nb4
41. Nf3 N4d5+ 42. Kd2 Kf5 43. Nh4+ Kf6 44. Nf3 Kf5 45. Ne5 Nb4 46. Kc3 N4d5+ 47.
Kd2 Nb4 48. Kc3 1/2-1/2

[Event "London Classic FIDE Open"]
[Site "London ENG"]
[Date "2011.12.09"]
[Round "7"]
[White "Jones, Gawain C B"]
[Black "Slavin, Alexei"]
[Result "1-0"]
[WhiteTitle "GM"]
[BlackTitle "IM"]
[WhiteElo "2635"]
[BlackElo "2400"]
[WhiteFideId "409561"]
[BlackFideId "24104388"]
[EventDate "2011.12.03"]

1. e4 c5 2. d3 Nc6 3. f4 g6 4. Nf3 Bg7 5. Be2 d5 6. O-O e6 7. c3 Nge7 8. a4 O-O
9. Na3 d4 10. Bd2 b6 11. Nc2 dxc3 12. Bxc3 Nd4 13. Ncxd4 cxd4 14. Bb4 Re8 15.
Qe1 Nc6 16. Bd2 a5 17. Rc1 Bb7 18. Bd1 Qd7 19. Bb3 Ba6 20. Ng5 Nd8 21. f5 exf5
22. Qg3 f4 23. Rxf4 Rf8 24. Nxh7 Kxh7 25. Rh4+ Kg8 26. Qxg6 Re8 27. Qh7+ Kf8 28.
Bh6 Bxh6 29. Qxh6+ Ke7 30. Qg5+ Kd6 31. Rh6+ Qe6 32. Qg3+ Ke7 33. Rc7+ 1-0

[Event "London Classic FIDE Open"]
[Site "London ENG"]
[Date "2011.12.09"]
[Round "7"]
[White "Thorfinnsson, Bjorn"]
[Black "Smith, Axel"]
[Result "1-0"]
[WhiteTitle "IM"]
[BlackTitle "IM"]
[WhiteElo "2402"]
[BlackElo "2480"]
[WhiteFideId "2300982"]
[BlackFideId "1707930"]
[EventDate "2011.12.03"]

1. d4 Nf6 2. c4 e6 3. Nf3 d5 4. Nc3 Bb4 5. Bd2 O-O 6. e3 c5 7. dxc5 Bxc5 8. Rc1
Nc6 9. a3 a6 10. Bd3 Bd6 11. Ne2 dxc4 12. Bxc4 Ne4 13. Ng3 Nxd2 14. Qxd2 Qe7 15.
O-O Rd8 16. Qc3 Bd7 17. Ne4 Be8 18. Rfd1 Bc7 19. Rxd8 Rxd8 20. b4 Bb6 21. Be2 a5
22. b5 Na7 23. a4 Rc8 24. Qb2 f6 25. Nfd2 Rc7 26. Nc4 Nc8 27. Rd1 Bg6 28. Ned2
h6 29. h4 Qc5 30. g4 Rd7 31. Rc1 Rc7 32. h5 Bf7 33. Rd1 Rd7 34. Rc1 Rc7 35. Nb3
Qb4 36. Nxb6 Rxc1+ 37. Qxc1 Nxb6 38. Qc7 Qe1+ 39. Bf1 Nd5 40. Qc8+ Kh7 41. Qc2+
Kh8 42. Nc5 e5 43. Nxb7 Nc3 44. Nd6 Bd5 45. Qd3 f5 46. g5 hxg5 47. h6 gxh6 48.
Nxf5 h5 49. b6 Nd1 50. Qc2 Nc3 51. Nd6 Bf3 52. b7 Ne2+ 53. Qxe2 Bxe2 54. b8=Q+
Kh7 55. Qb7+ Kg8 56. Qf7+ Kh8 57. Qf6+ Kh7 58. Ne8 Qxf1+ 59. Kh2 Bf3 60. Qg7# 1-0

[Event "London Classic FIDE Open"]
[Site "London ENG"]
[Date "2011.12.09"]
[Round "7"]
[White "Rendle, Thomas E"]
[Black "Hunt, Adam C"]
[Result "1/2-1/2"]
[WhiteTitle "IM"]
[BlackTitle "IM"]
[WhiteElo "2389"]
[BlackElo "2458"]
[WhiteFideId "408760"]
[BlackFideId "403970"]
[EventDate "2011.12.03"]

1. e4 c5 2. d3 e6 3. f4 d5 4. Be2 Nc6 5. Nf3 Nf6 6. Nc3 b5 7. e5 b4 8. Na4 Nd7
9. d4 Qa5 10. b3 cxd4 11. Nxd4 Nxd4 12. Qxd4 Nc5 13. Be3 Nxa4 14. bxa4 Ba6 15.
Bd3 Be7 16. f5 Bxd3 17. cxd3 exf5 18. O-O O-O 19. Rxf5 Rac8 20. Raf1 Bc5 21. Qf4
Bxe3+ 22. Qxe3 Qc5 23. d4 Qe7 24. Qf2 Rc6 25. h4 Qd7 26. h5 h6 27. a5 Rc7 28.
Qe1 Rb8 29. Qg3 Re8 30. Rf6 Rc3 31. R1f3 Rxf3 32. Rxf3 Rc8 33. Qh4 Rc3 34. Rf2
Ra3 35. Qf4 Rxa5 36. Rc2 Rb5 37. Qc1 Qg4 38. Rc8+ Kh7 39. Qc2+ g6 40. hxg6+ Qxg6
41. Qc7 Qb1+ 42. Kh2 Qf5 43. Qd8 Qh5+ 44. Kg1 Qd1+ 45. Kh2 Qh5+ 46. Kg1 Qd1+ 47.
Kh2 1/2-1/2

[Event "London Classic FIDE Open"]
[Site "London ENG"]
[Date "2011.12.09"]
[Round "7"]
[White "Osborne, Marcus E"]
[Black "Pert, Nicholas"]
[Result "1/2-1/2"]
[BlackTitle "GM"]
[WhiteElo "2246"]
[BlackElo "2563"]
[WhiteFideId "404608"]
[BlackFideId "403989"]
[EventDate "2011.12.03"]

1. d4 d5 2. c4 c6 3. Nf3 Nf6 4. Nc3 dxc4 5. a4 Bf5 6. Ne5 Nbd7 7. Nxc4 Qc7 8. g3
e5 9. dxe5 Nxe5 10. Bf4 Nfd7 11. Bg2 g5 12. Ne3 gxf4 13. Nxf5 O-O-O 14. Qc2 Kb8
15. O-O fxg3 16. hxg3 h5 17. Rfd1 a5 18. Ne4 Bb4 19. Rd4 Nb6 20. Nc5 Rxd4 21.
Nxd4 Qd6 22. Ncb3 Qc7 23. Qe4 h4 24. gxh4 Rg8 25. Rc1 Ng4 26. e3 Nd5 27. Nf5
Ndf6 28. Qf4 Qxf4 29. exf4 Nd5 30. Bxd5 Ne3+ 31. Kh2 Nxd5 32. Rc4 Kc7 33. Nc1
Ne7 34. Nxe7 Bxe7 35. f5 Bf6 36. b3 Rd8 37. Kg3 Rd1 38. Kf3 Kd6 39. h5 Rh1 40.
Nd3 Rxh5 41. Ke4 Rh8 42. Nc5 b6 43. Nd3 Re8+ 44. Kf3 Rh8 45. Ke4 Rh1 46. b4 axb4
47. Rxb4 Kc7 48. Rc4 Be7 49. Ne5 Re1+ 50. Kf4 Bg5+ 51. Kxg5 Rxe5 52. Kf6 Rd5 53.
Re4 Kd6 54. f4 c5 55. Kxf7 Rxf5+ 56. Kg6 Rf8 57. f5 Kd5 58. Re1 1/2-1/2

[Event "London Classic FIDE Open"]
[Site "London ENG"]
[Date "2011.12.09"]
[Round "7"]
[White "Grover, Sahaj"]
[Black "Buckley, Graeme N"]
[Result "1-0"]
[WhiteTitle "IM"]
[BlackTitle "IM"]
[WhiteElo "2515"]
[BlackElo "2383"]
[WhiteFideId "5021103"]
[BlackFideId "402265"]
[EventDate "2011.12.03"]

1. d4 Nf6 2. c4 e6 3. Nc3 Bb4 4. f3 d5 5. a3 Bxc3+ 6. bxc3 c5 7. cxd5 exd5 8. e3
Qc7 9. Ne2 h5 10. Nf4 Bf5 11. c4 cxd4 12. Qxd4 Nc6 13. Nxd5 Nxd5 14. Qxg7 O-O-O
15. cxd5 Rhg8 16. Qc3 Rxd5 17. e4 Qe7 18. Qe3 Rc5 19. Ra2 Nd4 20. Kf2 Be6 21.
Rb2 Nxf3 22. Kxf3 Qf6+ 23. Ke2 Rc3 24. Qf4 Qd4 25. Bd2 Rc6 26. Rb4 Bc4+ 27. Ke1
Rg4 28. Qf5+ Kd8 29. Rxc4 Rxc4 30. Bxc4 Qxc4 31. Qd5+ Qxd5 32. exd5 Rxg2 33. Rf1
Ke7 34. Rf2 Rg1+ 35. Ke2 Kd6 36. Rf5 h4 37. Bb4+ Kc7 38. Rxf7+ Kb6 39. d6 Rg2+
40. Ke3 Kc6 41. Rc7+ 1-0

[Event "London Classic FIDE Open"]
[Site "London ENG"]
[Date "2011.12.09"]
[Round "7"]
[White "Das, Arghyadip"]
[Black "Getz, Nicolai"]
[Result "1-0"]
[WhiteTitle "IM"]
[BlackTitle "IM"]
[WhiteElo "2470"]
[BlackElo "2369"]
[WhiteFideId "5003610"]
[BlackFideId "1505572"]
[EventDate "2011.12.03"]

1. e4 e5 2. Nf3 Nc6 3. Bc4 Bc5 4. c3 Nf6 5. d3 a6 6. Bb3 Ba7 7. h3 d6 8. Nbd2 h6
9. Nf1 Be6 10. Ng3 Qd7 11. Be3 Bxe3 12. fxe3 d5 13. exd5 Nxd5 14. Qe2 Nde7 15.
Ne4 Bxb3 16. axb3 b6 17. g4 Rd8 18. b4 Qxd3 19. Qxd3 Rxd3 20. Ke2 Rd7 21. Rxa6
f6 22. b5 Nd8 23. c4 Ne6 24. Ra8+ Rd8 25. Rxd8+ Kxd8 26. Ra1 Kd7 27. h4 Ng6 28.
h5 Ne7 29. Nh4 Ng5 30. Ng3 Nf7 31. b3 Nd6 32. Kf3 Rg8 33. Ra7 Rd8 34. Ra2 Ke6
35. Ra7 Rd7 36. Ra8 f5 37. Rf8 fxg4+ 38. Kxg4 Nf7 39. Ng6 Nxg6 40. hxg6 Nd6 41.
Nh5 e4 42. Kf4 Re7 43. Rg8 Nf5 44. Kxe4 Nh4 45. Rxg7 Rxg7 46. Nxg7+ Kd7 47. Nf5
Nxg6 48. Nxh6 Ke6 49. Nf5 Nf8 50. Nd4+ Kd6 51. b4 Nd7 52. Nc6 Nf8 53. Kf5 Ne6
54. e4 Ng7+ 55. Kg6 Ne6 56. e5+ Kd7 57. Kf6 Nf4 58. Kf7 1-0

[Event "London Classic FIDE Open"]
[Site "London ENG"]
[Date "2011.12.09"]
[Round "7"]
[White "Weber, Tom"]
[Black "Pert, Richard G"]
[Result "1/2-1/2"]
[WhiteTitle "FM"]
[BlackTitle "IM"]
[WhiteElo "2355"]
[BlackElo "2455"]
[WhiteFideId "4000609"]
[BlackFideId "404748"]
[EventDate "2011.12.03"]

1. c4 e6 2. Nf3 d5 3. d4 Nf6 4. Nc3 dxc4 5. e3 a6 6. Bxc4 b5 7. Bb3 Bb7 8. O-O
Nbd7 9. a3 c5 10. dxc5 Nxc5 11. Bc2 Qxd1 12. Rxd1 Rc8 13. Bd2 Be7 14. Be1 O-O
15. Rac1 Rfd8 16. Rxd8+ Rxd8 17. Rd1 Rxd1 18. Nxd1 Be4 19. Bxe4 Nfxe4 20. Bb4
Bf6 21. Ne1 Nb3 1/2-1/2

[Event "London Classic FIDE Open"]
[Site "London ENG"]
[Date "2011.12.09"]
[Round "7"]
[White "Roy Chowdhury, Saptarshi"]
[Black "Richardson, John R"]
[Result "1/2-1/2"]
[WhiteTitle "IM"]
[BlackTitle "FM"]
[WhiteElo "2411"]
[BlackElo "2331"]
[WhiteFideId "5002974"]
[BlackFideId "401617"]
[EventDate "2011.12.03"]

1. c4 e5 2. Nc3 Nf6 3. g3 c6 4. d4 exd4 5. Qxd4 d5 6. Bg2 Be6 7. cxd5 cxd5 8.
Nf3 Nc6 9. Qa4 Bc5 10. O-O O-O 11. Qb5 Qb6 12. Qd3 Nb4 13. Qd1 Ne4 14. e3 Nxc3
15. bxc3 Nc6 16. Ng5 Ne7 17. Nxe6 fxe6 18. c4 d4 19. Qb3 dxe3 20. Bxe3 Bxe3 21.
fxe3 Nf5 22. Rfe1 Qc5 23. Qxb7 Nxe3 24. Qc6 Qxc6 25. Bxc6 Nc2 26. Bxa8 Nxe1 27.
Rxe1 Rxa8 28. Rxe6 Rc8 29. Re4 Rc5 30. Kf2 Ra5 31. Re2 Ra3 32. Rc2 Kf7 33. c5
Ke7 34. c6 Kd8 35. c7+ Kc8 36. h4 Rd3 37. h5 Rd5 38. g4 Rd3 39. Kg2 Re3 40. Kf2
Rd3 41. Rc5 Rd2+ 42. Kg3 Rxa2 43. Re5 g6 44. h6 Rd2 45. Ra5 Rd7 46. Rxa7 Rxc7
47. Ra8+ Kd7 48. Kh4 1/2-1/2

[Event "London Classic FIDE Open"]
[Site "London ENG"]
[Date "2011.12.09"]
[Round "7"]
[White "D'Costa, Lorin A R"]
[Black "Croad, Nicolas"]
[Result "1-0"]
[WhiteTitle "IM"]
[BlackTitle "FM"]
[WhiteElo "2409"]
[BlackElo "2292"]
[WhiteFideId "409219"]
[BlackFideId "4300793"]
[EventDate "2011.12.03"]

1. d4 Nf6 2. c4 e6 3. Nf3 d5 4. g3 Nc6 5. Bg2 dxc4 6. Qa4 Bb4+ 7. Bd2 Nd5 8.
Bxb4 Nxb4 9. O-O Rb8 10. Na3 O-O 11. Qb5 b6 12. Qxc4 Ba6 13. Nb5 Qd5 14. Qxd5
Nxd5 15. a4 Na5 16. Ne5 Rbd8 17. Nxa7 Nb4 18. Rac1 Rxd4 19. Rxc7 f6 20. Nf3 Re4
21. Nb5 Nd5 22. Ra7 Bxb5 23. axb5 Rb4 24. e4 Rxe4 25. Ng5 Re5 26. Nxe6 Re8 27.
f4 Ne3 28. fxe5 Nxf1 29. exf6 1-0

[Event "London Classic FIDE Open"]
[Site "London ENG"]
[Date "2011.12.09"]
[Round "7"]
[White "Hassan, Abdullah"]
[Black "Smith, Andrew Philip"]
[Result "0-1"]
[WhiteTitle "IM"]
[BlackTitle "FM"]
[WhiteElo "2398"]
[BlackElo "2167"]
[WhiteFideId "9300481"]
[BlackFideId "2500833"]
[EventDate "2011.12.03"]

1. d4 d6 2. Nf3 Bg4 3. g3 Bxf3 4. exf3 e6 5. Bd3 Ne7 6. c3 Nd7 7. h4 c6 8. Nd2
e5 9. Ne4 Nc8 10. O-O Be7 11. Qc2 h6 12. dxe5 Nxe5 13. Be2 d5 14. Nd2 Nd6 15. f4
Nd7 16. Nf3 O-O 17. f5 Nc5 18. Rd1 Nce4 19. Nd4 Bxh4 20. gxh4 Qxh4 21. Bf1 c5
22. Nf3 Qg4+ 23. Bg2 Qxf5 24. Qd3 Rae8 25. Qxd5 Qg4 26. Be3 Re6 27. Ne5 Qh4 28.
Bxc5 Rfe8 29. Nf3 Qg4 30. Bxd6 Rxd6 31. Qb5 Rxd1+ 32. Rxd1 Re6 33. Rd8+ Kh7 34.
Nh2 Qf4 35. Qe2 Rg6 36. Kf1 Ng3+ 0-1

[Event "London Classic FIDE Open"]
[Site "London ENG"]
[Date "2011.12.09"]
[Round "7"]
[White "Spivack, Simon S Y"]
[Black "Tikkanen, Hans"]
[Result "1/2-1/2"]
[BlackTitle "GM"]
[WhiteElo "2175"]
[BlackElo "2586"]
[WhiteFideId "404780"]
[BlackFideId "1706446"]
[EventDate "2011.12.03"]

1. e4 e6 2. d3 d5 3. Nd2 c5 4. Ngf3 Nc6 5. g3 Nf6 6. Bg2 Be7 7. O-O b6 8. Re1
Bb7 9. c3 Qc7 10. a3 h6 11. e5 Nd7 12. d4 a5 13. Nf1 a4 14. Ne3 b5 15. b4 axb3
16. Qxb3 c4 17. Qxb5 Nb4 18. Nxc4 Nc2 19. Nd6+ Bxd6 20. exd6 Qc8 21. Bd2 Nxe1
22. Bxe1 Ra6 23. Ne5 Rxd6 24. c4 Rb6 25. Qa4 Ra6 26. Qb5 Rb6 27. Qa4 Ra6 28. Qb5
Rb6 1/2-1/2

[Event "London Classic FIDE Open"]
[Site "London ENG"]
[Date "2011.12.09"]
[Round "7"]
[White "Martyn, Rafe"]
[Black "Berg, Emanuel"]
[Result "1/2-1/2"]
[WhiteTitle "FM"]
[BlackTitle "GM"]
[WhiteElo "2249"]
[BlackElo "2566"]
[WhiteFideId "409626"]
[BlackFideId "1704060"]
[EventDate "2011.12.03"]

1. d4 Nf6 2. c4 g6 3. Nf3 Bg7 4. g3 O-O 5. Bg2 d6 6. O-O a6 7. Nc3 Nc6 8. Re1
Rb8 9. Rb1 Na5 10. b3 b5 11. cxb5 axb5 12. b4 Nc4 13. a4 bxa4 14. Qxa4 Nb6 15.
Qd1 Nbd5 16. Nxd5 Nxd5 17. Bd2 Bd7 18. Qc2 c6 19. e4 Nc7 20. Bg5 h6 21. Be3 Nb5
22. Qd2 Kh7 23. Rbc1 Ra8 24. d5 cxd5 25. exd5 Ra3 26. Nd4 Qa8 27. Nc6 Re8 28.
Qe2 Qa4 29. Qc4 e5 30. Bf1 Nc7 31. b5 Qa8 32. b6 Na6 33. Ra1 Nc5 34. Rxa3 Qxa3
35. Bxc5 dxc5 36. b7 Qb2 37. b8=Q Rxb8 38. Nxb8 Qxb8 39. Qxc5 Bf8 40. Qc2 Bd6
41. Rb1 Qa7 42. Qb3 Bc5 43. Qb7 Qa4 44. Qb3 Qd4 45. Qf3 Kg7 46. Rd1 Qb4 47. Qd3
Bd4 48. Kg2 Bf5 49. Qb5 Qa3 50. Bd3 Qa2 51. Rf1 Bxd3 52. Qxd3 Qxd5+ 53. f3 Qa2+
54. Kh1 h5 55. Qb1 Qd2 56. Qe1 Qd3 57. Qd1 Qc4 58. Qc1 Qe2 59. Qd1 Qc4 60. Qc1
Qa6 61. h4 Qe6 62. Kg2 e4 63. Qd1 Qa2+ 64. Kh3 Qe6+ 65. Kg2 Qa2+ 66. Kh3 Bf6 67.
fxe4 Qe6+ 68. Kg2 Qxe4+ 69. Qf3 Qxf3+ 70. Kxf3 Be5 71. Rb1 Bf6 72. Rb3 Be5 73.
Ke4 Ba1 74. Kd5 Kg8 75. Ke4 1/2-1/2